| 000 -LEADER |
| fixed length control field |
00739nam a22002417a 4500 |
| 005 - DATE AND TIME OF LATEST TRANSACTION |
| control field |
20251104083654.0 |
| 008 - FIXED-LENGTH DATA ELEMENTS--GENERAL INFORMATION |
| fixed length control field |
251104b ||||| |||| 00| 0 eng d |
| 020 ## - INTERNATIONAL STANDARD BOOK NUMBER |
| International Standard Book Number |
9780753475201 |
| 040 ## - CATALOGING SOURCE |
| Transcribing agency |
KH8 |
| 082 ## - DEWEY DECIMAL CLASSIFICATION NUMBER |
| Classification number |
307.76 KEN |
| 100 ## - MAIN ENTRY--PERSONAL NAME |
| Personal name |
KENT,PETER |
| Relator term |
AUTHOR |
| 245 ## - TITLE STATEMENT |
| Title |
CITY ACROSS TIME |
| 260 ## - PUBLICATION, DISTRIBUTION, ETC. |
| Place of publication, distribution, etc. |
120 BROADWAY,NEW YORK,NY 10271 |
| Name of publisher, distributor, etc. |
KINGFISHER |
| Date of publication, distribution, etc. |
2019 |
| 300 ## - PHYSICAL DESCRIPTION |
| Extent |
48 PAGES |
| Other physical details |
COLOUR ILLUSTRATION |
| Dimensions |
21 CM X 26 CM |
| 520 ## - SUMMARY, ETC. |
| Summary, etc. |
From the stone age tot he cities of the future, CITY ACROSS TIME unearths the secrets of an imaginary European city. |
| 521 ## - TARGET AUDIENCE NOTE |
| Target audience note |
Ages 9-12 years old |
| 650 ## - SUBJECT ADDED ENTRY--TOPICAL TERM |
| Topical term or geographic name entry element |
History |
| 650 ## - SUBJECT ADDED ENTRY--TOPICAL TERM |
| Topical term or geographic name entry element |
City |
| 650 ## - SUBJECT ADDED ENTRY--TOPICAL TERM |
| Topical term or geographic name entry element |
Europe |
| 655 ## - INDEX TERM--GENRE/FORM |
| Genre/form data or focus term |
Juvenile History |
| 655 ## - INDEX TERM--GENRE/FORM |
| Genre/form data or focus term |
Juvenile Non Fiction |
| 942 ## - ADDED ENTRY ELEMENTS (KOHA) |
| Source of classification or shelving scheme |
|
| Koha item type |
Books - Non Ficton |